Capital Cities (Hard) - Statistics

General Stats
  • This quiz has been taken 12 times
  • The average score is 25 of 30
Answer Stats
Hint Answer % Correct
Iraq Baghdad
100%
Venezuela Caracas
100%
Ecuador Quito
100%
Kazakhstan Astana
92%
South Africa Cape TownPretoria Bloemfontein
92%
Afghanistan Kabul
92%
Bolivia La PazSucre
92%
Ururguay Montevideo
92%
North Korea Pyongyang
92%
Estonia Tallinn
92%
Albania Tirana
92%
Nigeria Abuja
83%
Jordan Amman
83%
Azerbaijan Baku
83%
Belize Belmopan
83%
Moldova Chisinau
83%
Guatemala Guatemala City
83%
Costa Rica San Jose
83%
Mongolia Ulaanbaatar
83%
Ethiopia Addis Ababa
75%
Serbia Belgrade
75%
Oman Muscat
75%
North Macedonia Skopje
75%
Fiji Suva
75%
Georgia Tbilisi
75%
Mozambique Maputo
67%
Papua New Guinea Port Moresby
67%
Armenia Yerevan
67%
Turkmenistan Ashgabat
58%
Trinidad and Tobago Port of Spain
58%
No matching quizzes found
Score Distribution
Percent of People with Each Score
Percentile by Number Answered
Your Score History
You have not taken this quiz